| 000 | 01238cam a22002775a 4500 | ||
|---|---|---|---|
| 001 | 17682610 | ||
| 005 | 20201128021315.0 | ||
| 008 | 130402s2014 enka frb 001 0 eng d | ||
| 020 | _a9780273716280 (alk. paper) | ||
| 040 |
_aDLC _beng _cDLC _dEG-ScBUE |
||
| 082 | 0 | 4 |
_a658.4012 _bSTR _222 |
| 245 | 0 | 4 |
_aThe strategy process : _bconcepts, contexts, cases / _cJoseph Lampel ... [et al.] |
| 250 | _a5th ed. | ||
| 260 |
_aLondon : _bPearson Education Limited, _c2014. |
||
| 300 |
_axxi, 722 p. : _bill. ; _c29 cm. |
||
| 500 | _aIndex : p. 709-722. | ||
| 504 | _aIncludes bibliographical references. | ||
| 505 | 0 | _aStrategy -- Strategies -- Strategists -- Formulating strategy -- Analyzing strategy -- Strategy formation -- Strategic change -- Cognition -- Organization -- Technology -- Collaboration -- Globalization -- Values -- Contexts -- Managing start-ups -- Managing maturity -- Managing experts -- Managing innovation -- Managing diversity -- Managing otherwise. | |
| 650 | 7 |
_aStrategic planning. _2BUEsh _91643 |
|
| 650 | 0 |
_aStrategic planning _vCase studies. _2BUEsh |
|
| 651 | _2BUEsh | ||
| 653 |
_bBUSADM _cJune2015 _cJuly2015 |
||
| 655 |
_vreading book _934232 |
||
| 700 | 1 | _aLampe, Joseph. | |
| 942 |
_2ddc _k658.4012 STR |
||
| 999 |
_c19759 _d19731 |
||